000 00450nam a22001817a 4500
003 MPLRDC
005 20220104124645.0
008 210129b ||||| |||| 00| 0 eng d
020 _a7-80518-023-7
082 _a856.9 YJDG
100 _a云间颠公
245 _a清代官场百怪录
_c
250 _a一版一刷
260 _a
_b浙江古籍出版社
_c1987
300 _b
650 _a函牍及杂著--杂项
942 _cBK
_o856.9 YJDG
999 _c21089
_d21079